| 000 | 00356nam a22001217a 4500 | ||
|---|---|---|---|
| 082 | _a220 PRO | ||
| 100 |
_aNC ARSLAN SAJID GC SAQIB SHEHZAD _971192 |
||
| 245 | _aPR-SOF-1737-SENTIMENTER | ||
| 260 |
_aISLAMABAD _bNUST COLLEGE OF EME _c2018 |
||
| 650 |
_aDE-COMP-36 DECLASS _971193 |
||
| 700 |
_aPROJECT SUPERVISOR DR. ARSLAN SHAUKAT _971194 |
||
| 942 | _cCR | ||
| 999 |
_c577848 _d577848 |
||